Cover Albums Rap 2021 - Statistiques

Statistiques générales
  • Ce quiz a été pris 98 fois
  • Le résultat moyen est 11 sur 26
Statistiques - réponses
Par images Réponse % Correct
Ultra
80%
Jefe
78%
JVLIVS II
70%
L'Etrange Histoire de Mr Anderson
69%
Drill FR
66%
QALF Infinity
66%
ERRR
64%
OCHO
64%
MELANCHOLIA 999
61%
Coeur Abîmé
59%
Etoile Noire
51%
140 BPM 2
50%
MYSTR J.O.S
49%
17%
31%
Certified Lover Boy
28%
Capo Dei Capi
27%
KEKRA
26%
Hat Trick
22%
Ashe Tape vol.3
19%
Donda
19%
Spleen
16%
CALL ME IF YOU GET LOST
12%
Segunda Temporada
8%
Persona Non Grata
7%
Infinigga
5%
La Vie De Luxe
3%
Aucun quiz correspondant
Distribution des résultats
% des personnes avec chaque résultat
Percentile par nombre de réponses
Votre historique - résultats
Vous n’avez pas pris ce quiz